|
|
|
|
| LEADER |
01134nam a2200289 i 4500 |
| 001 |
c000072318 |
| 003 |
CARM |
| 005 |
00000000000000.0 |
| 008 |
771205s1976 enkacef b 00010 fre |
| 015 |
|
|
|a GB77-05742
|
| 019 |
1 |
|
|a 1078961
|z 23056878
|z 55538199
|5 LACONCORD2021
|
| 020 |
|
|
|a 0631007202 :
|c L.3.25
|
| 035 |
|
|
|a (OCoLC)3077385
|5 LACONCORD2021
|
| 041 |
0 |
|
|a freeng
|
| 050 |
0 |
0 |
|a PQ2605.O15
|b O76 1976
|
| 100 |
1 |
|
|a Cocteau, Jean,
|d 1889-1963.
|
| 245 |
1 |
0 |
|a Orphee :
|b the play and the film /
|c Jean Cocteau ; edited with an introduction and selection of film-stills by E. Freeman.
|
| 260 |
|
|
|a Oxford :
|b Blackwell,
|c 1976.
|
| 300 |
|
|
|a xliii, 129 p., 16 p. of plates :
|b ill., plan, ports. ;
|c 19 cm.
|
| 490 |
0 |
|
|a Blackwell's French texts
|
| 500 |
|
|
|a French text with English introd. and notes.
|
| 504 |
|
|
|a Bibliography: p. [xliii]
|
| 700 |
1 |
|
|a Freeman, E.
|
| 852 |
8 |
|
|b CARM
|h A2:AB02G0
|i A00598
|p 0089354
|f BK
|
| 082 |
0 |
4 |
|a 842/.9/12
|
| 999 |
f |
f |
|i 216b1928-bb51-583d-9e4d-d141a9df1fc7
|s bd3c18ae-0242-517b-84fc-8b2f14a5c1b2
|
| 952 |
f |
f |
|p Can circulate
|a CAVAL
|b CAVAL
|c CAVAL
|d CARM 1 Store
|e A00598
|f A2:AB02G0
|h Other scheme
|i book
|m 0089354
|